000
00286nam a22001337a 4500
082
_a
894.812
100
_a
KUTTY K N
245
_a
INDIAN NADODIKATHAKAL
250
_a
1
260
_a
CHENNAI
_b
SURA BOOKS
_c
2005
300
_a
156
650
_a
MALAYALAM SHORT STORY
_z
KERALA
942
_c
BK
999
_c
1609
_d
1609